|
|
|
|
| LEADER |
00644nam a22002051a 4500 |
| 020 |
|
|
|c 0.00
|
| 040 |
|
|
|a SSUS - Library - Kalady
|
| 082 |
|
|
|a H100 9
|b SHA/M
|
| 100 |
|
|
|a Shambhu Gupta
|
| 245 |
|
|
|a Maine padha samaj
|h [Text]
|
| 260 |
|
|
|a New Delhi
|b Shilpayan
|c 2008
|
| 300 |
|
|
|a 463p.
|
| 600 |
|
|
|a Literature Hindi
|
| 600 |
|
|
|a Literature
|
| 600 |
|
|
|a Poetry Hindi Criticism
|
| 600 |
|
|
|a Poetry Arjun Lal Criticism
|
| 852 |
|
|
|h H100 9
|i SHA/M
|p 060966
|9 495.00
|t 0
|
| 942 |
|
|
|c BK
|
| 999 |
|
|
|c 26897
|d 26897
|
| 952 |
|
|
|0 0
|1 0
|4 0
|6 H_100_900000000000000_SHA_M
|7 0
|9 38651
|a SSUS
|b SSUS
|d 2015-01-08
|g 495.00
|o H100 9 SHA/M
|p 060966
|r 2015-01-08
|v 0.00
|w 2015-01-08
|y BK
|